[Event "AUTO-BEG-348"]
[Site "http://www.queenalice.com/game.php?id=669999"]
[Date "2009.10.20"]
[Round "1"]
[White "fedelucca"]
[Black "lucianochips"]
[Result "1-0"]
[WhiteElo "1334"]
[BlackElo "960"]

1. Nf3 e6 2. d4 Qf6 3. Nc3 Nc6 4. d5 Nb4 5. Ne4 Qe5 6. Nxe5 d6 7. Nf3 exd5 8.
Nc3 b6 9. Nb5 g6 10. Nxc7+ Kd8 11. Nxa8 d4 12. Nxd4 Nf6 13. Bg5 Be7 14. Bd2 Bg4
15. Bxb4 Ne4 16. f3 Bxf3 17. exf3 Bh4+ 18. g3 Nxg3 19. hxg3 Bxg3+ 20. Kd2 Re8
21. Ba6 Be5 22. Qg1 Kd7 23. Qg4+ f5 24. Qh4 Bxd4 25. Qxd4 Rxa8 26. Qg7+ Kd8 27.
Rxh7 Rc8 28. Qg8# 1-0

[Event "AUTO-BEG-348"]
[Site "http://www.queenalice.com/game.php?id=670008"]
[Date "2009.10.20"]
[Round "1"]
[White "kievelmedieval"]
[Black "fedelucca"]
[Result "0-1"]
[WhiteElo "1290"]
[BlackElo "1303"]

1. d4 d5 2. Nc3 e6 3. a3 Nf6 4. Bf4 Nc6 5. Nb5 e5 6. dxe5 Ng4 7. e6 fxe6 8.
Nxc7+ Kd7 9. Nxa8 e5 10. Qxd5+ Bd6 0-1

[Event "Let's Play Chess!"]
[Site "http://www.queenalice.com/game.php?id=677283"]
[Date "2009.11.7"]
[Round "-"]
[White "torab"]
[Black "fedelucca"]
[Result "0-1"]
[WhiteElo "1759"]
[BlackElo "1380"]

1. e4 e5 2. a3 Nf6 3. Nc3 Nc6 4. Bc4 h5 5. d3 Nd4 6. Bg5 d6 7. Nd5 b5 8. Bb3 c6
9. Nb4 Qa5 10. Bxf7+ Kxf7 11. c3 Bg4 12. f3 Be6 13. cxd4 exd4 14. Bxf6 gxf6 15.
Ne2 c5 16. O-O cxb4 17. Nxd4 Re8 18. axb4 Qxb4 19. Rxa7+ Re7 20. Rxe7+ Bxe7 21.
Nxe6 Kxe6 22. Rf2 Rg8 23. d4 d5 24. Re2 dxe4 25. Rxe4+ Kf7 26. b3 f5 27. Rf4 Rg5
0-1

[Event "AUTO-INT-1507"]
[Site "http://www.queenalice.com/game.php?id=679079"]
[Date "2009.11.7"]
[Round "1"]
[White "samuelrmgs"]
[Black "fedelucca"]
[Result "0-1"]
[WhiteElo "1403"]
[BlackElo "1405"]

1. e4 e5 2. Qh5 Nc6 3. Bc4 g6 4. Qf3 Nh6 5. d3 Nd4 6. Qd1 b5 7. Bd5 c6 8. Bb3 d5
9. Bxh6 Bxh6 10. Nc3 b4 11. Na4 Qg5 12. h3 Qxg2 13. Qb1 Qxh1 14. c3 Qxg1# 0-1

[Event "AUTO-INT-1507"]
[Site "http://www.queenalice.com/game.php?id=679080"]
[Date "2009.11.7"]
[Round "1"]
[White "fedelucca"]
[Black "samuelrmgs"]
[Result "0-1"]
[WhiteElo "1398"]
[BlackElo "1267"]

1. e4 e5 2. Nf3 Qf6 3. Nc3 Nc6 4. Bc4 Bc5 5. O-O Nh6 6. d3 O-O 7. Bg5 Qg6 8. a3
a6 9. b4 Bd6 10. Nd5 Kh8 11. b5 axb5 12. Bxb5 Bc5 13. Nxc7 Ra5 14. Qd2 Ra7 15.
Nd5 d6 16. Qc3 Bg4 17. Qd2 Rxa3 18. Rxa3 Bxa3 19. Bxc6 b5 20. Bxb5 Rc8 21. Ne7
Qh5 22. Nxc8 Ng8 23. Qc3 Bxf3 24. Qd2 Bg4 25. Ba6 f6 26. Be3 Bc5 27. Bc4 Bxc8
0-1

[Event "AUTO-INT-1507"]
[Site "http://www.queenalice.com/game.php?id=679093"]
[Date "2009.11.7"]
[Round "1"]
[White "DrIgO"]
[Black "fedelucca"]
[Result "0-1"]
[WhiteElo "1564"]
[BlackElo "1355"]

1. d4 d5 2. g3 e6 3. Bg2 Nh6 4. Nf3 Na6 5. Ng5 f6 6. Nf3 Ng4 7. O-O e5 8. dxe5
fxe5 9. Bg5 Be7 10. Nc3 d4 11. Bxe7 Qxe7 12. Nd5 Qd6 13. c4 e4 14. Nxd4 O-O 15.
Bxe4 c6 16. Nc3 b5 17. cxb5 cxb5 18. Bd5+ Rf7 19. Ndxb5 Qb8 20. Bxa8 Qxa8 21.
Qd8+ Rf8 22. Qd6 Bb7 23. f3 Qe8 24. fxg4 Qe3+ 25. Rf2 Qxf2# 0-1

[Event "AUTO-INT-1507"]
[Site "http://www.queenalice.com/game.php?id=679094"]
[Date "2009.11.7"]
[Round "1"]
[White "fedelucca"]
[Black "DrIgO"]
[Result "1-0"]
[WhiteElo "1300"]
[BlackElo "1565"]

1. Nc3 d5 2. e4 e6 3. Qh5 Nf6 4. Qf3 c6 5. Bd3 Bc5 6. Qg3 O-O 7. exd5 exd5 8.
Qh4 Qe8+ 9. Nce2 Be7 10. Nf3 Ng4 11. Qxh7# 1-0

[Event "AUTO-INT-1507"]
[Site "http://www.queenalice.com/game.php?id=679103"]
[Date "2009.11.7"]
[Round "1"]
[White "fedelucca"]
[Black "tonycorreia"]
[Result "0-1"]
[WhiteElo "1411"]
[BlackElo "1799"]

1. e4 e5 2. Nf3 Nc6 3. d3 Bc5 4. g3 d6 5. Nc3 Bg4 6. Nd5 Nd4 7. Be2 c6 8. Ne3
Nxf3+ 9. Bxf3 Be6 10. g4 Qh4 11. Qe2 Ne7 12. Bd2 O-O-O 13. b4 Bb6 14. a4 a6 15.
a5 Bxe3 16. Qxe3 Bxg4 17. O-O-O Bxf3 18. Qxf3 f6 19. Rdg1 Ng6 20. Rg4 Qh5 21. h3
Rhf8 22. Qe3 Kb8 23. Qb6 Rc8 24. b5 cxb5 25. Bb4 Ka8 26. Bxd6 Rc6 27. Qe3 Rxd6
28. Qc5 Rfd8 29. Qc7 R6d7 30. Qc5 Kb8 31. c4 bxc4 32. dxc4 Rc8 33. Qb4 Rd4 34.
Kb2 Rcxc4 35. Qa3 Rb4+ 36. Kc2 Rdc4+ 37. Kd3 Nf4+ 38. Ke3 Rxe4+ 39. Kd2 Rbd4+
40. Kc1 Ne2+ 41. Kc2 Rxg4 42. Qf8+ Kc7 43. Qc5+ Kd7 44. hxg4 Qxh1 45. Kb2 Rd2+
46. Ka3 Qf3+ 47. Kb4 Rd4+ 48. Qc4 Qc3+ 49. Kc5 Qxc4+ 50. Kb6 Qc7+ 51. Ka7 Qxa5
52. Ka8 Kc7 53. Ka7 Qb6+ 54. Ka8 Rd8# 0-1

[Event "AUTO-INT-1507"]
[Site "http://www.queenalice.com/game.php?id=679104"]
[Date "2009.11.7"]
[Round "1"]
[White "tonycorreia"]
[Black "fedelucca"]
[Result "1-0"]
[WhiteElo "1737"]
[BlackElo "1355"]

1. e4 e5 2. a3 Nf6 3. Nc3 Na6 4. Bxa6 bxa6 5. Nd5 Nxe4 6. Qh5 d6 7. d3 g6 8. Qf3
Ng5 9. Nf6+ Ke7 10. Bxg5 c5 11. Nd5+ Kd7 12. Bxd8 Kxd8 13. Qf6+ Kd7 14. Qxh8 Bb7
15. c4 Bh6 16. Qxh7 Bg5 17. Qxf7+ Kc6 18. Qc7# 1-0

[Event "AUTO-INT-1522"]
[Site "http://www.queenalice.com/game.php?id=686199"]
[Date "2009.11.20"]
[Round "1"]
[White "tayron"]
[Black "fedelucca"]
[Result "1-0"]
[WhiteElo "1410"]
[BlackElo "1430"]

1. d4 d5 2. c4 dxc4 3. Nc3 e6 4. e4 Nc6 5. Nf3 Bb4 6. Bxc4 Nf6 7. O-O O-O 8. Qc2
Ng4 9. Rd1 Na5 10. Bd3 c5 11. dxc5 Bxc5 12. Bg5 f6 13. Bh4 Qb6 14. h3 Ne5 15.
Nh2 f5 16. Na4 Qb4 17. Nxc5 b6 18. Na4 Bd7 19. Nc3 Rac8 20. a3 Qb3 21. Qxb3 Nxb3
22. Rab1 a5 23. Be2 Bc6 24. exf5 exf5 25. Nf3 Bxf3 26. Bxf3 f4 27. Bd5+ Kh8 28.
Bxb3 f3 29. gxf3 Nxf3+ 30. Kf1 Rf4 31. Be6 Rc6 32. Rd8+ Rf8 33. Rxf8# 1-0

[Event "AUTO-INT-1522"]
[Site "http://www.queenalice.com/game.php?id=686200"]
[Date "2009.11.20"]
[Round "1"]
[White "fedelucca"]
[Black "tayron"]
[Result "0-1"]
[WhiteElo "1413"]
[BlackElo "1436"]

1. e4 c5 2. d4 cxd4 3. Qxd4 Nc6 4. Qc4 Nf6 5. Nf3 d6 6. Ng5 Ne5 7. Qa4+ Bd7 8.
Qd4 h6 9. Nh3 Qc7 10. Nc3 Bxh3 11. gxh3 g6 12. Qa4+ Qd7 13. Bb5 Nc6 14. Bf4 Bg7
15. O-O-O a6 16. Bc4 O-O 17. e5 Nh7 18. exd6 e6 19. h4 b5 20. Bxb5 axb5 21. Qxb5
Ne5 22. Qe2 Nc6 23. h5 Bxc3 24. bxc3 Rxa2 25. Kd2 Na5 26. Qa6 Rc8 27. hxg6 fxg6
28. h4 Nc4+ 29. Qxc4 Rxc4 30. Be5 Re4 31. Bg3 Nf6 32. Ra1 Rxa1 33. Rxa1 e5 0-1

[Event "AUTO-INT-1522"]
[Site "http://www.queenalice.com/game.php?id=686213"]
[Date "2009.11.20"]
[Round "1"]
[White "chess2009"]
[Black "fedelucca"]
[Result "1-0"]
[WhiteElo "1580"]
[BlackElo "1442"]

1. e4 e5 2. Qh5 Nf6 3. Qxe5+ Be7 4. Qf4 O-O 5. f3 Nc6 6. c3 Bd6 7. Qe3 Nh5 8. g4
Bf4 9. Qf2 Nf6 10. Nh3 Bh6 11. g5 Bxg5 12. Nxg5 Nh5 13. f4 Qe7 14. b4 h6 15. Nf3
Qxe4+ 16. Qe3 Qd5 17. Be2 Qf5 18. Ng1 Nxf4 19. Bf3 b6 20. Ne2 g5 21. Rg1 Ne5 22.
Bxa8 d5 23. Ng3 Qf6 24. d3 Nexd3+ 25. Kd2 Bf5 26. Ba3 Rxa8 27. Rf1 c5 28. bxc5
bxc5 29. Bxc5 Rc8 30. Bxa7 Rc7 31. Kd1 Re7 32. Qd4 Re5 33. Nd2 Bg4+ 34. Kc2 h5
35. Rxf4 gxf4 36. Qxd3 fxg3 37. Qxg3 Qf5+ 38. Kb3 Re7 39. Qb8+ Kh7 40. Rf1 Qd3
41. Rf2 Rd7 42. Bd4 Rd6 43. Qxd6 Qb5+ 44. Qb4 Bd1+ 45. Kb2 Qd3 46. Rxf7+ Kg6 47.
Rg7+ Kf5 48. Qf8+ Ke6 49. Qf6# 1-0

[Event "AUTO-INT-1522"]
[Site "http://www.queenalice.com/game.php?id=686214"]
[Date "2009.11.20"]
[Round "1"]
[White "fedelucca"]
[Black "chess2009"]
[Result "1-0"]
[WhiteElo "1399"]
[BlackElo "1614"]

1. e4 e5 2. Nf3 f6 3. Nc3 c6 4. Bc4 b5 5. Bb3 b4 6. Na4 Nh6 7. d3 Na6 8. c3 bxc3
9. bxc3 g5 10. d4 Bb7 11. dxe5 Bg7 12. exf6 Bxf6 13. O-O c5 14. Be3 Be7 15. Ne5
Bxe4 16. Qh5+ Bg6 17. Nxg6 Rf8 18. Nxf8+ Kxf8 19. Qxh6+ Ke8 20. Qxh7 d6 21. Qf7+
Kd7 22. Be6+ Kc7 23. Rab1 g4 24. Qf4 Rb8 25. Qc4 Rxb1 26. Rxb1 Bf6 27. Qxa6 Qe7
28. Rb7+ Kd8 29. Rb8+ Kc7 30. Qb7# 1-0

[Event "AUTO-INT-1522"]
[Site "http://www.queenalice.com/game.php?id=686223"]
[Date "2009.11.20"]
[Round "1"]
[White "fedelucca"]
[Black "dandi27"]
[Result "1-0"]
[WhiteElo "1437"]
[BlackElo "1585"]

1. f3 e5 2. c3 Bc5 3. b4 Be7 4. g3 Nf6 5. f4 exf4 6. gxf4 O-O 7. Nh3 h6 8. e3 d5
9. Qc2 b5 10. Na3 c6 11. Nf2 Ne4 12. Nxe4 dxe4 13. Qxe4 Bh4+ 14. Kd1 Re8 15. Qc2
Bg4+ 16. Be2 Rxe3 17. Bxg4 Bf2 18. d4 Re6 19. Qxf2 Rg6 20. Bf5 Rf6 21. Qc2 Qd5
22. Be4 Qh5+ 23. Qe2 Qh4 24. Rf1 g6 25. f5 g5 26. d5 Rd6 27. Bd2 cxd5 28. Bd3
Nc6 29. Nxb5 Rd7 30. c4 Nd4 31. Qe5 Qh5+ 32. Kc1 Nf3 33. Rxf3 Qxf3 34. Bc3 Qh1+
35. Kb2 Qxh2+ 36. Ka3 Qxe5 37. Bxe5 Re7 38. Bd6 Re3 39. Rd1 dxc4 40. Bc5 cxd3
41. Bxe3 Rd8 42. Nd4 Re8 43. Rxd3 Kg7 44. Nc6 Kf6 45. Rd6+ Kxf5 46. Bd4 g4 47.
Nxa7 g3 48. Rf6+ Ke4 49. Nc6 g2 50. Rxf7 Ra8+ 51. Kb2 Rg8 52. Re7+ Kd5 53. b5
Rg4 54. Re5+ Kd6 55. Bc5+ Kc7 56. Re7+ Kc8 57. b6 Rc4 58. b7# 1-0

[Event "AUTO-INT-1522"]
[Site "http://www.queenalice.com/game.php?id=686224"]
[Date "2009.11.20"]
[Round "1"]
[White "dandi27"]
[Black "fedelucca"]
[Result "1-0"]
[WhiteElo "1562"]
[BlackElo "1409"]

1. e4 e5 2. Nf3 d6 3. Bc4 Qf6 4. d3 Qg6 5. Nh4 Qf6 6. Nf3 Bg4 7. Bg5 Qg6 8. h3
Bd7 9. O-O h6 10. Bh4 Nf6 11. b3 Nc6 12. a3 Be6 13. Bxe6 fxe6 14. c4 Qf7 15. Nc3
g5 16. Bg3 Qg7 17. Nb5 Rc8 18. b4 a6 19. Nc3 b5 20. Qb3 Rd8 21. cxb5 axb5 22.
Qxe6+ Ne7 23. Qb3 h5 24. Nxb5 Rd7 25. a4 c6 26. Nc3 g4 27. Nh4 gxh3 28. gxh3 d5
29. Nf5 Qg5 30. Nxe7 Bxe7 31. h4 Qg4 32. a5 d4 33. Na4 Ra7 34. Rac1 Qh3 35. Rxc6
Rg8 36. Rc8+ Bd8 37. Rc6 Rxg3+ 38. fxg3 Re7 39. Rfxf6 Qxg3+ 40. Kf1 Qh3+ 41. Kf2
Qxh4+ 42. Ke2 Qg4+ 43. Kd2 h4 44. Qf7+ Kd7 45. Rfd6# 1-0

[Event "Kraj´s Challenge"]
[Site "http://www.queenalice.com/game.php?id=706227"]
[Date "2009.12.31"]
[Round "-"]
[White "Krajnicov"]
[Black "fedelucca"]
[Result "1-0"]
[WhiteElo "1437"]
[BlackElo "1459"]

1. e4 e5 2. Qf3 Nf6 3. Bc4 Qe7 4. b3 Nc6 5. c3 g5 6. g4 d6 7. h4 Bh6 8. b4 Be6
9. Bb5 d5 10. exd5 Bxd5 11. Qh3 e4 12. Ne2 a6 13. Bxc6+ bxc6 14. Nd4 c5 15. Nf5
Qf8 16. Qe3 Nxg4 17. Qe2 cxb4 18. Qxg4 bxc3 19. Nxc3 Be6 20. Qxe4 1-0

[Event "Challenge"]
[Site "http://www.queenalice.com/game.php?id=713674"]
[Date "2010.1.14"]
[Round "-"]
[White "fedelucca"]
[Black "joserie"]
[Result "0-1"]
[WhiteElo "1432"]
[BlackElo "2294"]

1. e4 c5 2. Qf3 Nc6 3. Bc4 Nf6 4. Nh3 e6 5. d3 Be7 6. Qg3 O-O 7. Ng5 d5 8. exd5
exd5 9. Bb5 Bd6 10. Qh4 Qa5+ 11. Bd2 Qxb5 12. Bc3 d4 13. a4 Qb6 14. a5 Re8+ 15.
Kf1 Nxa5 16. Bxa5 Qxb2 17. Ne4 Nxe4 18. Be1 Qxa1 19. f3 Nf6 20. Nd2 Bf4 21. Ne4
Nxe4 22. fxe4 Be3 23. Ke2 Qc1 24. Kf3 Bg5 25. Qf2 a5 26. g3 Bh3 27. Qd2 Bxd2 28.
Bxd2 Qxh1+ 29. Ke2 Qf1# 0-1